000 00293nam a2200133 i 4500
001 bg
100 1 _aWOJNA, R.
245 0 _aWielki świat Nomadów /
_cR. Wojna.
260 _aWarszawa,
_c1983.
040 _cBPK
041 _apol
942 _cKS
008 s pl f |000 0 pol
999 _c22259
_d22259
856 _uhttp://koha.tu.koszalin.pl/cgi-bin/koha/opac-detail.pl?biblionumber=22259
_yKatalog online BPK